Yleistieto - Maantiede #1 - Statistics

Yleistilastot
  • Tätä visaa on pelattu 874 kertaa
  • Keskiarvotulos 9 / 20
Vastaustilastot
Kysymys Vastaus % Oikein
Minkä valtion ainoat rajanaapurit ovat Venäjä ja Kiina? Mongolia
93%
Mikä on Afrikan suurin aavikko? Sahara
93%
Mikä on Japanin korkein vuori? Fuji
81%
Mikä on Afrikan korkein vuori? Kilimanjaro
68%
Minkä meren rannalla Sotši sijaitsee? Mustameri
63%
Mikä Kanadan provinssi on pääosin ranskankielinen? Quebec
54%
Mikä tunnettu tanssilaji on alun perin lähtöisin Argentiinasta ja Uruguaysta? Tango
53%
Mikä on maailman eteläisin pääkaupunki? Wellington
45%
Mikä on Ruotsin pinta-alaltaan suurin järvi? Vänern
44%
Mikä Suomen maisema-alue kattaa maan itäisimmät osat? {Vaara}-Suomi
38%
Mitä Meksikon suurta niemimaata mayat aikoinaan asuttivat? {Jukatanin} niemimaa
36%
Mikä yksi Intian suurimmista kaupungeista sijaitsee vain 60 kilometrin päässä Bangladeshista? Kalkutta
30%
Minkä Italian alueen pääkaupunki on Firenze? Toscana
30%
Minkä saaren Haiti ja Dominikaaninen tasavalta jakavat? Hispaniola
27%
Missä valtiossa on eniten koptilaisia kristittyjä? Egypti
25%
Mikä kulttuuris-maantieteellinen alue sijaitsee Turkin, Syyrian, Irakin ja Iranin raja-alueilla? Kurdistan
24%
Mikä on maailman korkein vesiputous? {Angelin} putoukset
23%
Mikä on Rooman ainoa ystävyyskaupunki? Pariisi
19%
Millä saarella drontit elivät ennen sukupuuttoon kuolemista? Mauritius
18%
Mikä on Belgian hollanninkielisen osan nimi? Flanderi
17%
Ehtoja vastaavia visoja ei löytynyt
Tulosjakauma
Jokaisen tuloksen saaneiden osuus
Persentiili vastausten määrän mukaan
Tuloshistoriasi
Et ole pelannut tätä visaa